[Event "VL-2022/23"]
[Site "MVP"]
[Date "2023.02.26"]
[Round "6.1"]
[White "von Alvensleben, Wolfram"]
[Black "Kist, Eike Andreas"]
[Result "1/2-1/2"]
[WhiteElo "2243"]
[BlackElo "1763"]
[PlyCount "92"]
[EventDate "2022.??.??"]
[EventType "team-tourn"]
[EventRounds "9"]
[EventCountry "GER"]
[WhiteTeam "Guestrow/Teterow"]
[BlackTeam "Think Rochade"]
[WhiteTeamCountry "GER"]
[BlackTeamCountry "GER"]

1. d4 Nf6 2. c4 c5 3. e3 cxd4 4. exd4 d5 5. Nc3 e6 6. Nf3 Nc6 7. c5 Bd7 8. Bb5 Ne4 9. O-O Nxc3 10. bxc3 Be7 11. Re1 O-O 12. Bf4 Qa5 13. Qb3 b6 14. cxb6 axb6 15. a4 Qa7 16. Qb1 Rfc8 17. Re3 Bf8 18. Ng5 g6 19. h4 Ne7 20. Bxd7 Qxd7 21. Qxb6 Rxa4 22. Rae1 Rc6 23. Qb5 Rac4 24. Rf3 h5 25. Bd2 Nf5 26. Qb8 Rc7 27. Rb1 Qc8 28. g3 Qxb8 29. Rxb8 Rc8 30. Rb7 R4c7 31. Rb3 Bh6 32. Rd3 Bxg5 33. Bxg5 Ra7 34. Rd1 Nd6 35. f3 Ra2 36. Rd2 Ra1+ 37. Kf2 Rc1 38. Bf4 Nf5 39. g4 hxg4 40. fxg4 Ng7 41. Ra2 R1xc3 42. Rxc3 Rxc3 43. Ra8+ Kh7 44. Ra7 Kg8 45. Ra8+ Kh7 46. Ra7 Kg8 1/2-1/2

[Event "VL-2022/23"]
[Site "MVP"]
[Date "2023.02.26"]
[Round "6.2"]
[White "Busch, Martin"]
[Black "Luther, Alexander"]
[Result "1/2-1/2"]
[WhiteElo "2117"]
[BlackElo "2085"]
[PlyCount "54"]
[EventDate "2022.??.??"]
[EventType "team-tourn"]
[EventRounds "9"]
[EventCountry "GER"]
[WhiteTeam "Think Rochade"]
[BlackTeam "Guestrow/Teterow"]
[WhiteTeamCountry "GER"]
[BlackTeamCountry "GER"]

1. d4 d5 2. c4 e6 3. Nf3 Nf6 4. g3 dxc4 5. Bg2 Nc6 6. Qa4 Bd7 7. Qxc4 Bd6 8. O-O Rb8 9. Nc3 a6 10. Rd1 b5 11. Qb3 O-O 12. Bg5 h6 13. Bxf6 Qxf6 14. Ne4 Qe7 15. Rac1 Na5 16. Qc3 b4 17. Qe1 Rfd8 18. e3 Bb5 19. b3 Nb7 20. Bf1 Bxf1 21. Qxf1 Ra8 22. Rc6 a5 23. Rdc1 Rdb8 24. Kg2 a4 25. Nxd6 cxd6 26. Rc7 Qd8 27. R7c2 axb3 1/2-1/2

[Event "VL-2022/23"]
[Site "MVP"]
[Date "2023.02.26"]
[Round "6.3"]
[White "Seiler, Dirk"]
[Black "Gazizov, Max"]
[Result "1-0"]
[WhiteElo "2128"]
[BlackElo "1689"]
[PlyCount "35"]
[EventDate "2022.??.??"]
[EventType "team-tourn"]
[EventRounds "9"]
[EventCountry "GER"]
[WhiteTeam "Guestrow/Teterow"]
[BlackTeam "Think Rochade"]
[WhiteTeamCountry "GER"]
[BlackTeamCountry "GER"]

1. d4 Nf6 2. Nf3 e6 3. Bg5 c5 4. e3 Be7 5. c3 d5 6. Nbd2 Nc6 7. Bd3 Nd7 8. Bf4 f6 9. e4 dxe4 10. Nxe4 cxd4 11. Nxd4 Nxd4 12. cxd4 Qb6 13. O-O Qxd4 14. Ng5 Qxf4 15. Qh5+ g6 16. Bxg6+ Kf8 17. Nxe6+ Kg8 18. Bf7# 1-0

[Event "VL-2022/23"]
[Site "MVP"]
[Date "2023.02.26"]
[Round "6.4"]
[White "Morosova, Svetlana"]
[Black "Dettmann, Gerd"]
[Result "1/2-1/2"]
[WhiteElo "1675"]
[BlackElo "2127"]
[PlyCount "82"]
[EventDate "2022.??.??"]
[EventType "team-tourn"]
[EventRounds "9"]
[EventCountry "GER"]
[WhiteTeam "Think Rochade"]
[BlackTeam "Guestrow/Teterow"]
[WhiteTeamCountry "GER"]
[BlackTeamCountry "GER"]

1. d4 Nf6 2. Bf4 d6 3. e3 Bf5 4. c4 Nbd7 5. Nf3 c6 6. Nc3 Qc7 7. Bd3 Bg4 8. h3 Bh5 9. Be2 e5 10. Bh2 Be7 11. O-O O-O 12. Rc1 Rad8 13. Qb3 Rfe8 14. Rfe1 Bf8 15. Nd2 Bg6 16. Bf3 e4 17. Be2 b6 18. Qc2 a6 19. b4 Qa7 20. Qa4 Qb7 21. Qb3 c5 22. Nd5 Nxd5 23. cxd5 cxd4 24. exd4 f5 25. Nc4 Nf6 26. Ne3 Bf7 27. Nxf5 b5 28. Ne3 Nxd5 29. Nxd5 Bxd5 30. Qb2 Re6 31. Bf4 e3 32. fxe3 Be7 33. Bd3 Rf8 34. Qd2 h6 35. Qc2 Kh8 36. Qc7 Bxg2 37. Qxb7 Bxb7 38. Rc7 Rxf4 39. Rxb7 Rf8 40. Rb6 Bf6 41. d5 Rxe3 1/2-1/2

[Event "VL-2022/23"]
[Site "MVP"]
[Date "2023.02.26"]
[Round "6.5"]
[White "Waschk, Armin"]
[Black "Ostrzinski, Jan"]
[Result "1-0"]
[WhiteElo "2130"]
[BlackElo "1532"]
[PlyCount "51"]
[EventDate "2022.??.??"]
[EventType "team-tourn"]
[EventRounds "9"]
[EventCountry "GER"]
[WhiteTeam "Guestrow/Teterow"]
[BlackTeam "Think Rochade"]
[WhiteTeamCountry "GER"]
[BlackTeamCountry "GER"]

1. Nf3 Nf6 2. e3 g6 3. c4 c5 4. Nc3 Bg7 5. d4 cxd4 6. exd4 O-O 7. b3 d5 8. Bb2 Nc6 9. Be2 e6 10. O-O Nh5 11. cxd5 exd5 12. Qd2 a6 13. Rac1 Re8 14. Rfe1 Bf5 15. Na4 Nf6 16. Ne5 Qd6 17. Nxc6 bxc6 18. Qc3 Re6 19. Nc5 Ne4 20. Nxe4 Bxe4 21. Bf1 c5 22. Qxc5 Qxc5 23. Rxc5 Bf8 24. Rcc1 Bb4 25. Red1 a5 26. f3 1-0

[Event "VL-2022/23"]
[Site "MVP"]
[Date "2023.02.26"]
[Round "6.7"]
[White "Scharf, Christian"]
[Black "Gazizova, Alina"]
[Result "1-0"]
[WhiteElo "1336"]
[BlackElo "1529"]
[PlyCount "103"]
[EventDate "2022.??.??"]
[EventType "team-tourn"]
[EventRounds "9"]
[EventCountry "GER"]
[WhiteTeam "Guestrow/Teterow"]
[BlackTeam "Think Rochade"]
[WhiteTeamCountry "GER"]
[BlackTeamCountry "GER"]

1. e4 c5 2. Nc3 Nc6 3. Nge2 e6 4. g3 g6 5. Bg2 Bg7 6. O-O a6 7. d3 Nge7 8. Be3 d6 9. Qd2 O-O 10. Bh6 Rb8 11. Bxg7 Kxg7 12. f4 Qc7 13. h3 b5 14. g4 b4 15. Nd1 f5 16. Ne3 a5 17. Ng3 Bd7 18. Rae1 a4 19. gxf5 exf5 20. exf5 Bxf5 21. Nexf5+ Nxf5 22. Nxf5+ Rxf5 23. Be4 Rf6 24. f5 Rbf8 25. Qg5 Ne7 26. fxg6 Rxf1+ 27. Rxf1 Rxf1+ 28. Kxf1 Nxg6 29. h4 Qf7+ 30. Ke2 Qe7 31. a3 d5 32. Qxe7+ Nxe7 33. Bf3 Kf6 34. c3 bxa3 35. bxa3 Ke5 36. Bg4 Kd6 37. d4 Nc6 38. Ke3 cxd4+ 39. cxd4 Na5 40. Bd1 Nc4+ 41. Kf4 Ke6 42. Kg5 Kf7 43. h5 Kg7 44. h6+ Kf7 45. Bc2 Kg8 46. Kf6 Nxa3 47. Bxa4 Nc4 48. Ke6 Ne3 49. Bb3 Ng4 50. Bxd5 Nxh6 51. Ke7+ Kg7 52. Be6 1-0

[Event "VL-2022/23"]
[Site "MVP"]
[Date "2023.02.26"]
[Round "6.1"]
[White "Tovmasyan, Minas"]
[Black "Schmidt, Peter"]
[Result "1/2-1/2"]
[WhiteElo "1788"]
[BlackElo "2109"]
[PlyCount "37"]
[EventDate "2022.??.??"]
[EventType "team-tourn"]
[EventRounds "9"]
[EventCountry "GER"]
[WhiteTeam "Makkabi Rostock"]
[BlackTeam "SSC Rostock"]
[WhiteTeamCountry "GER"]
[BlackTeamCountry "GER"]

1. d4 Nf6 2. c4 e6 3. Nf3 b6 4. g3 Bb7 5. Bg2 d6 6. O-O Nbd7 7. Nc3 g6 8. b3 Bg7 9. Bb2 O-O 10. Qc2 Qe7 11. Rad1 c5 12. e3 Ne8 13. e4 a6 14. Rfe1 Rc8 15. Qd2 Nb8 16. dxc5 bxc5 17. Na4 Bxb2 18. Qxb2 f6 19. b4 1/2-1/2

[Event "VL-2022/23"]
[Site "MVP"]
[Date "2023.02.26"]
[Round "6.2"]
[White "Kallweit, Paul"]
[Black "Markovych, Illya"]
[Result "0-1"]
[WhiteElo "1891"]
[BlackElo "2028"]
[PlyCount "72"]
[EventDate "2022.??.??"]
[EventType "team-tourn"]
[EventRounds "9"]
[EventCountry "GER"]
[WhiteTeam "SSC Rostock"]
[BlackTeam "Makkabi Rostock"]
[WhiteTeamCountry "GER"]
[BlackTeamCountry "GER"]

1. c4 Nf6 2. g3 e6 3. Bg2 d5 4. Nf3 Be7 5. O-O O-O 6. b3 b6 7. Bb2 Bb7 8. d4 c5 9. Nbd2 Nc6 10. cxd5 Nxd5 11. dxc5 Bxc5 12. a3 b5 13. e4 Nc7 14. e5 Bb6 15. Ne4 Na5 16. Nd6 Bd5 17. Nd2 Qd7 18. b4 Nb7 19. N2e4 Nxd6 20. Nf6+ gxf6 21. Qg4+ Kh8 22. exd6 Ne8 23. Bxd5 Rg8 24. Qh3 Rc8 25. Be4 Rg7 26. Rad1 Rc4 27. Bd3 Rcg4 28. Bxh7 Rxg3+ 29. hxg3 Rxh7 30. Qg4 Qc6 31. Qh4 Rxh4 32. gxh4 Nxd6 33. Bxf6+ Kh7 34. Rd3 Ne4 35. Be5 Nxf2 36. Rxf2 Qe4 0-1

[Event "VL-2022/23"]
[Site "MVP"]
[Date "2023.02.26"]
[Round "6.3"]
[White "Roeste, Hugo"]
[Black "Tin, Sergey"]
[Result "0-1"]
[WhiteElo "1613"]
[BlackElo "2034"]
[PlyCount "108"]
[EventDate "2022.??.??"]
[EventType "team-tourn"]
[EventRounds "9"]
[EventCountry "GER"]
[WhiteTeam "Makkabi Rostock"]
[BlackTeam "SSC Rostock"]
[WhiteTeamCountry "GER"]
[BlackTeamCountry "GER"]

1. d4 Nf6 2. c4 e6 3. Nc3 Bb4 4. Qc2 c5 5. dxc5 Na6 6. e3 Nxc5 7. Bd3 b6 8. Nge2 Bb7 9. O-O O-O 10. a3 Nxd3 11. Qxd3 Be7 12. b3 d5 13. cxd5 Nxd5 14. Nxd5 Qxd5 15. Qxd5 Bxd5 16. b4 Bf6 17. Nd4 Rac8 18. Bb2 Rfd8 19. Rac1 h6 20. Rxc8 Rxc8 21. Rc1 Rxc1+ 22. Bxc1 Kf8 23. Kf1 Ke7 24. g3 Kd7 25. Ke1 e5 26. Nb5 a6 27. Nc3 Bc6 28. Kd2 Be7 29. Bb2 f6 30. e4 Ke6 31. Kd3 g6 32. Bc1 h5 33. Be3 b5 34. f3 f5 35. Ne2 a5 36. Bd2 axb4 37. Bxb4 Bd8 38. Bc5 g5 39. Nc3 g4 40. fxg4 hxg4 41. exf5+ Kxf5 42. Nd1 Be4+ 43. Kd2 Bf3 44. Nf2 Ke6 45. Kc3 Ba5+ 46. Kd3 Kd5 47. Ba7 Bc7 48. Kc3 Bd6 49. Kb3 e4 50. a4 bxa4+ 51. Kxa4 Kc4 52. h3 Bb4 53. hxg4 e3 54. Bxe3 Bc6# 0-1

[Event "VL-2022/23"]
[Site "MVP"]
[Date "2023.02.26"]
[Round "6.4"]
[White "Wurst, Maximilian"]
[Black "Markovych, Leonid"]
[Result "1/2-1/2"]
[WhiteElo "1723"]
[BlackElo "1296"]
[PlyCount "61"]
[EventDate "2022.??.??"]
[EventType "team-tourn"]
[EventRounds "9"]
[EventCountry "GER"]
[WhiteTeam "SSC Rostock"]
[BlackTeam "Makkabi Rostock"]
[WhiteTeamCountry "GER"]
[BlackTeamCountry "GER"]

1. e4 e6 2. d4 d5 3. e5 c5 4. c3 Nc6 5. Nf3 Qb6 6. Qb3 cxd4 7. Qxb6 axb6 8. cxd4 Nb4 9. Na3 Bd7 10. Be2 Ne7 11. O-O Nf5 12. Bd2 Be7 13. Bxb4 Bxb4 14. Nc2 Be7 15. Bd3 Nh4 16. Nxh4 Bxh4 17. Ne3 O-O 18. f4 f5 19. g3 Be7 20. a3 g6 21. Rfc1 Rfc8 22. Kf2 Bd8 23. Nc2 Kf7 24. Ke3 Rc7 25. Nb4 Rac8 26. Kd2 Rxc1 27. Rxc1 Rxc1 28. Kxc1 g5 29. Kd2 gxf4 30. gxf4 Bh4 31. b3 1/2-1/2

[Event "VL-2022/23"]
[Site "MVP"]
[Date "2023.02.26"]
[Round "6.5"]
[White "Gavrylyuk, Oleksandr"]
[Black "Nour, Alaa"]
[Result "0-1"]
[WhiteElo "1226"]
[BlackElo "1774"]
[PlyCount "78"]
[EventDate "2022.??.??"]
[EventType "team-tourn"]
[EventRounds "9"]
[EventCountry "GER"]
[WhiteTeam "Makkabi Rostock"]
[BlackTeam "SSC Rostock"]
[WhiteTeamCountry "GER"]
[BlackTeamCountry "GER"]

1. e4 e5 2. Nf3 Nc6 3. Bb5 a6 4. Ba4 Bc5 5. O-O Nf6 6. c3 b5 7. Bc2 d6 8. h3 h6 9. d4 Bb6 10. b3 O-O 11. Bb2 Re8 12. Nbd2 Bb7 13. Re1 Qe7 14. Nf1 Rad8 15. Ng3 b4 16. cxb4 Nxb4 17. Bb1 c5 18. d5 a5 19. a3 Na6 20. Nf5 Qf8 21. Bd3 Nc7 22. Nd2 g6 23. Ng3 Rb8 24. Nc4 Nd7 25. Qd2 Ba6 26. Bc1 Nb5 27. Qxh6 Qxh6 28. Bxh6 Bc7 29. Ne2 Nd4 30. Nxd4 cxd4 31. Rab1 Nc5 32. Bc2 d3 33. Bd1 Bxc4 34. b4 axb4 35. axb4 Ba5 36. Bd2 Re7 37. Rc1 Bxb4 38. Bxb4 Rxb4 39. Bg4 d2 0-1

[Event "VL-2022/23"]
[Site "MVP"]
[Date "2023.02.26"]
[Round "6.7"]
[White "Mueller, Mitja"]
[Black "Menkhaus, Wolf-Dieter"]
[Result "0-1"]
[WhiteElo "1341"]
[BlackElo "1908"]
[PlyCount "50"]
[EventDate "2022.??.??"]
[EventType "team-tourn"]
[EventRounds "9"]
[EventCountry "GER"]
[WhiteTeam "Makkabi Rostock"]
[BlackTeam "SSC Rostock"]
[WhiteTeamCountry "GER"]
[BlackTeamCountry "GER"]

1. d4 Nf6 2. Nf3 e6 3. c4 c5 4. Nc3 cxd4 5. Nxd4 Nc6 6. Nxc6 bxc6 7. Bg5 Be7 8. g3 Qa5 9. Bxf6 Bxf6 10. Qd2 Rb8 11. Rc1 Bxc3 12. bxc3 Qa3 13. Rd1 Rb2 14. Qd4 O-O 15. Bg2 d5 16. cxd5 cxd5 17. Ra1 Ba6 18. Bf3 Rxa2 19. Rxa2 Qxa2 20. Qxa7 Qb1+ 21. Kd2 Qb2+ 22. Kd1 Bc4 23. Qe3 Ra8 24. Qc1 Ra1 25. Qxa1 Qxa1+ 0-1

[Event "VL-2022/23"]
[Site "MVP"]
[Date "2023.02.26"]
[Round "6.8"]
[White "Wurst, Oliver"]
[Black "Mueller, Ditte"]
[Result "1-0"]
[WhiteElo "1631"]
[BlackElo "1214"]
[PlyCount "65"]
[EventDate "2022.??.??"]
[EventType "team-tourn"]
[EventRounds "9"]
[EventCountry "GER"]
[WhiteTeam "SSC Rostock"]
[BlackTeam "Makkabi Rostock"]
[WhiteTeamCountry "GER"]
[BlackTeamCountry "GER"]

1. c4 e6 2. Nf3 Nf6 3. Nc3 d5 4. d4 b6 5. Qa4+ Bd7 6. Qb3 Bc6 7. e3 Be7 8. Be2 O-O 9. O-O Bb7 10. cxd5 exd5 11. Bd2 c5 12. dxc5 Bxc5 13. Na4 Nc6 14. Rfd1 Ne4 15. Nxc5 Nxc5 16. Qa3 Qe7 17. b3 Ne6 18. Qb2 Rad8 19. Bc3 Rfe8 20. Nd4 Nexd4 21. Bxd4 Nxd4 22. Rxd4 Qe5 23. Rad1 Rd6 24. Qd2 Red8 25. e4 h6 26. Bc4 Re8 27. f3 Rde6 28. Bxd5 Bxd5 29. Rxd5 Qf6 30. Rd8 Rxd8 31. Qxd8+ Qxd8 32. Rxd8+ Kh7 33. Rd7 1-0

[Event "VL-2022/23"]
[Site "MVP"]
[Date "2023.02.26"]
[Round "6.1"]
[White "Stutz, Reno"]
[Black "Fischer, Torsten"]
[Result "1-0"]
[WhiteElo "2039"]
[BlackElo "2026"]
[PlyCount "68"]
[EventDate "2022.??.??"]
[EventType "team-tourn"]
[EventRounds "9"]
[EventCountry "GER"]
[WhiteTeam "GW Wismar"]
[BlackTeam "SF Schwerin II"]
[WhiteTeamCountry "GER"]
[BlackTeamCountry "GER"]

{[%evp 0,56,18,17,18,15,18,12,20,19,26,-11,-5,4,25,0,5,10,5,2,12,0,26,33,43,26,78,-8,-1,-9,-1,5,48,9,52,14,44,25,60,64,54,84,72,-13,61,-115,-35,-35,-3,-1,76,110,255,186,204,-1660,-231,-293,-60]} 1. d4 d5 2. Nf3 Nf6 3. e3 e6 4. Bd3 c5 5. b3 Nc6 6. O-O Bd6 7. Bb2 cxd4 8. exd4 O-O 9. Nbd2 Bd7 10. a3 Rc8 11. Ne5 Be8 12. f4 Nd7 13. Rf3 f5 14. Rh3 Nf6 15. Ndf3 Bh5 16. Qe1 Qe8 17. Qh4 Bxf3 18. gxf3 Rc7 19. Kh1 g6 20. Rg1 Rg7 21. c4 Nh5 22. cxd5 exd5 23. Qg5 Qe7 24. Qh6 Nd8 25. Rxh5 gxh5 26. Rxg7+ Qxg7 27. Qxd6 Kh8 28. Qd7 Qf6 29. Qxd5 Qh4 30. Qa5 Qf2 31. Qc3 Kg7 32. d5 Kh6 33. Ng4+ hxg4 34. Qg7+ Kh5 1-0

[Event "VL-2022/23"]
[Site "MVP"]
[Date "2023.02.26"]
[Round "6.2"]
[White "Kupfernagel, Michael"]
[Black "Schinke, Andreas"]
[Result "1/2-1/2"]
[WhiteElo "2030"]
[BlackElo "2053"]
[PlyCount "32"]
[EventDate "2022.??.??"]
[EventType "team-tourn"]
[EventRounds "9"]
[EventCountry "GER"]
[WhiteTeam "SF Schwerin II"]
[BlackTeam "GW Wismar"]
[WhiteTeamCountry "GER"]
[BlackTeamCountry "GER"]

1. d4 Nf6 2. Nc3 g6 3. e4 d6 4. f3 Bg7 5. Be3 O-O 6. Qd2 e5 7. Nge2 exd4 8. Nxd4 Nc6 9. Be2 Nxd4 10. Bxd4 Be6 11. O-O d5 12. exd5 Nxd5 13. Bxg7 Kxg7 14. Rad1 Nxc3 15. Qxc3+ Qf6 16. Qxf6+ Kxf6 1/2-1/2

[Event "VL-2022/23"]
[Site "MVP"]
[Date "2023.02.26"]
[Round "6.3"]
[White "Kliewe, Hans-Juergen"]
[Black "Jung, Werner"]
[Result "1/2-1/2"]
[WhiteElo "2140"]
[BlackElo "2009"]
[PlyCount "51"]
[EventDate "2022.??.??"]
[EventType "team-tourn"]
[EventRounds "9"]
[EventCountry "GER"]
[WhiteTeam "GW Wismar"]
[BlackTeam "SF Schwerin II"]
[WhiteTeamCountry "GER"]
[BlackTeamCountry "GER"]

1. d4 f5 2. Bf4 d6 3. e3 Nf6 4. Bc4 g6 5. Nf3 Bg7 6. h3 e6 7. g4 Qe7 8. gxf5 exf5 9. Nc3 Be6 10. Qe2 a6 11. Bxe6 Qxe6 12. Ng5 Qe7 13. Qc4 Kd7 14. d5 Nh5 15. Ne6 Kc8 16. O-O-O Nxf4 17. exf4 b5 18. Qb4 Nd7 19. Rhe1 Qf7 20. Re2 Nb6 21. a4 bxa4 22. Nxg7 Qxg7 23. Rde1 Rd8 24. Nxa4 Rb8 25. Qc3 Qh6 26. Nxb6+ 1/2-1/2

[Event "VL-2022/23"]
[Site "MVP"]
[Date "2023.02.26"]
[Round "6.4"]
[White "Fleischer, Matthias"]
[Black "Lanz, Joerg"]
[Result "0-1"]
[WhiteElo "1849"]
[BlackElo "2055"]
[PlyCount "100"]
[EventDate "2022.??.??"]
[EventType "team-tourn"]
[EventRounds "9"]
[EventCountry "GER"]
[WhiteTeam "SF Schwerin II"]
[BlackTeam "GW Wismar"]
[WhiteTeamCountry "GER"]
[BlackTeamCountry "GER"]

{[%evp 0,38,18,17,28,18,49,34,17,-1,9,-3,-6,5,16,11,10,12,-4,-20,-13,-23,-28,-17,-8,-6,17,-16,13,-13,-4,3,20,11,23,17,34,27,52,21,30]} 1. d4 Nf6 2. Nf3 g6 3. Bg5 Bg7 4. Bxf6 Bxf6 5. c3 d6 6. e3 Nd7 7. Bd3 b6 8. O-O Bb7 9. Re1 O-O 10. Qe2 e5 11. Nbd2 Qe7 12. e4 Rad8 13. Rad1 Bg7 14. Nf1 Nf6 15. Ng3 Bc8 16. Bb5 {(=)} h5 17. h3 Bh6 18. Bc6 a6 19. Qc2 Bf4 20. Ne2 Bh6 21. Ng3 Kh8 22. c4 exd4 23. e5 dxe5 24. Nxe5 Qd6 25. Bf3 c5 26. Nd3 Rde8 27. Qa4 a5 28. Bc6 Bd7 29. Bxd7 Qxd7 30. Qxd7 Nxd7 31. Rxe8 Rxe8 32. Re1 Rxe1+ 33. Nxe1 Ne5 34. Kf1 Nxc4 35. Nd3 Nd6 36. b3 f6 37. Ke2 Kg7 38. Kf3 Kf7 39. Ne4 Ke6 40. Nxd6 Kxd6 41. a4 Ke6 42. Ke4 Bg7 43. Nb2 f5+ 44. Kd3 b5 45. f3 Bh6 46. Nd1 Bc1 47. Nf2 bxa4 48. bxa4 Kd5 49. Kc2 Be3 50. Nd1 c4 0-1

[Event "VL-2022/23"]
[Site "MVP"]
[Date "2023.02.26"]
[Round "6.5"]
[White "Borchert, Chris"]
[Black "Rabinowitsch, Juri"]
[Result "1-0"]
[WhiteElo "2143"]
[BlackElo "1910"]
[PlyCount "75"]
[EventDate "2022.??.??"]
[EventType "team-tourn"]
[EventRounds "9"]
[EventCountry "GER"]
[WhiteTeam "GW Wismar"]
[BlackTeam "SF Schwerin II"]
[WhiteTeamCountry "GER"]
[BlackTeamCountry "GER"]

1. d4 d5 2. Nf3 Nf6 3. c4 e6 4. Nc3 c6 5. Bg5 Be7 6. e3 O-O 7. Bd3 h6 8. Bf4 Bd6 9. Ne5 dxc4 10. Bxc4 b5 11. Bd3 Bb7 12. O-O Qe7 13. Rc1 Nbd7 14. Nxd7 Qxd7 15. Be5 Qe7 16. Qf3 Rab8 17. Ne4 Bxe5 18. dxe5 Nxe4 19. Bxe4 Qg5 20. Qf4 Qxf4 21. exf4 Rfc8 22. Rc5 Rc7 23. Rd1 Kf8 24. g4 Ke7 25. f5 Rd8 26. f6+ gxf6 27. exf6+ Ke8 28. Rxd8+ Kxd8 29. Rh5 Rd7 30. Rxh6 Rd4 31. f3 Rd1+ 32. Kg2 Rd2+ 33. Kg3 Rxb2 34. Rh8+ Kc7 35. Rf8 Kd6 36. Rxf7 Bc8 37. Rxa7 Bd7 38. f7 1-0

[Event "VL-2022/23"]
[Site "MVP"]
[Date "2023.02.26"]
[Round "6.6"]
[White "Voll, Andreas"]
[Black "Littke, Helmut"]
[Result "1/2-1/2"]
[WhiteElo "1880"]
[BlackElo "2054"]
[PlyCount "23"]
[EventDate "2022.??.??"]
[EventType "team-tourn"]
[EventRounds "9"]
[EventCountry "GER"]
[WhiteTeam "SF Schwerin II"]
[BlackTeam "GW Wismar"]
[WhiteTeamCountry "GER"]
[BlackTeamCountry "GER"]

1. d4 Nf6 2. Nf3 e6 3. g3 b6 4. Bg2 Bb7 5. O-O Be7 6. c4 c5 7. dxc5 bxc5 8. Nc3 O-O 9. Qb3 Qb6 10. Qc2 d5 11. Na4 Qc7 12. Bf4 1/2-1/2

[Event "VL-2022/23"]
[Site "MVP"]
[Date "2023.02.26"]
[Round "6.7"]
[White "Junggebauer, Thomas"]
[Black "Pamperin, Gerhard"]
[Result "1/2-1/2"]
[WhiteElo "1971"]
[BlackElo "1865"]
[PlyCount "44"]
[EventDate "2022.??.??"]
[EventType "team-tourn"]
[EventRounds "9"]
[EventCountry "GER"]
[WhiteTeam "GW Wismar"]
[BlackTeam "SF Schwerin II"]
[WhiteTeamCountry "GER"]
[BlackTeamCountry "GER"]

1. e4 e6 2. d4 d5 3. Nd2 dxe4 4. Nxe4 Nd7 5. Nf3 Be7 6. Bd3 Ngf6 7. O-O O-O 8. Qe2 b6 9. Ne5 Bb7 10. c3 Rc8 11. Bg5 c5 12. Nxd7 Nxd7 13. Bf4 cxd4 14. Nd6 Bxd6 15. Bxd6 Re8 16. cxd4 Nf6 17. Be5 Qd5 18. f3 Qd8 19. Bb5 Rf8 20. Rac1 Qe7 21. a3 Nd5 22. Bd3 Nf6 1/2-1/2

[Event "VL-2022/23"]
[Site "MVP"]
[Date "2023.02.26"]
[Round "6.8"]
[White "Popp, Michael"]
[Black "Bahr, Enrico"]
[Result "1/2-1/2"]
[WhiteElo "1958"]
[BlackElo "2003"]
[PlyCount "44"]
[EventDate "2022.??.??"]
[EventType "team-tourn"]
[EventRounds "9"]
[EventCountry "GER"]
[WhiteTeam "SF Schwerin II"]
[BlackTeam "GW Wismar"]
[WhiteTeamCountry "GER"]
[BlackTeamCountry "GER"]

1. e4 d5 2. exd5 Qxd5 3. Nc3 Qa5 4. d4 c6 5. Bc4 Nf6 6. Bd2 Bf5 7. h3 e6 8. Nf3 Qc7 9. Bb3 Nbd7 10. Qe2 Bd6 11. Nh4 Bg6 12. Nxg6 hxg6 13. O-O-O O-O-O 14. Kb1 Bf4 15. Qf3 Bxd2 16. Rxd2 Nb6 17. Ne4 Nxe4 18. Qxe4 Nd5 19. g3 Qb6 20. h4 a5 21. Qf3 Qc7 22. c4 Nb6 1/2-1/2

[Event "VL-2022/23"]
[Site "MVP"]
[Date "2023.03.19"]
[Round "7.2"]
[White "Schinke, Andreas"]
[Black "Hubert, Peter"]
[Result "1/2-1/2"]
[WhiteElo "2053"]
[BlackElo "2114"]
[PlyCount "27"]
[EventDate "2022.??.??"]
[EventType "team-tourn"]
[EventRounds "9"]
[EventCountry "GER"]
[WhiteTeam "GW Wismar"]
[BlackTeam "HSG Stralsund"]
[WhiteTeamCountry "GER"]
[BlackTeamCountry "GER"]

1. e4 Nf6 2. e5 Nd5 3. Nf3 d6 4. exd6 exd6 5. d4 Be7 6. Bd3 O-O 7. O-O Bg4 8. c3 c6 9. Re1 Nd7 10. Nbd2 N7f6 11. Nf1 Re8 12. h3 Bh5 13. Ng3 Bg6 14. Bxg6 1/2-1/2

[Event "VL-2022/23"]
[Site "MVP"]
[Date "2023.03.19"]
[Round "7.3"]
[White "Mehl, Ronald"]
[Black "Kliewe, Hans-Juergen"]
[Result "1/2-1/2"]
[WhiteElo "2099"]
[BlackElo "2140"]
[PlyCount "70"]
[EventDate "2022.??.??"]
[EventType "team-tourn"]
[EventRounds "9"]
[EventCountry "GER"]
[WhiteTeam "HSG Stralsund"]
[BlackTeam "GW Wismar"]
[WhiteTeamCountry "GER"]
[BlackTeamCountry "GER"]

1. Nf3 d5 2. g3 Nf6 3. Bg2 c6 4. O-O e6 5. d3 Bd6 6. Nbd2 O-O 7. e4 e5 8. c4 d4 9. Nh4 a5 10. Nf5 Bxf5 11. exf5 Nbd7 12. f3 Nc5 13. Ne4 Ncxe4 14. fxe4 b5 15. Qc2 bxc4 16. Qxc4 Qb6 17. Bf3 Qb5 18. Qc2 c5 19. g4 Rfc8 20. g5 Ne8 21. Be2 Qb6 22. Kh1 Bf8 23. Bd2 Qd8 24. Rf3 Rc6 25. Rg1 Raa6 26. Rg4 g6 27. fxg6 hxg6 28. Rg2 Bg7 29. Rgf2 Ra7 30. h4 Qc8 31. Kh2 Nd6 32. b3 a4 33. Bd1 axb3 34. axb3 Rca6 35. Bc1 Ra1 1/2-1/2

[Event "VL-2022/23"]
[Site "MVP"]
[Date "2023.03.19"]
[Round "7.4"]
[White "Lanz, Joerg"]
[Black "Paulowitz, Bernd-Rainer"]
[Result "1/2-1/2"]
[WhiteElo "2055"]
[BlackElo "1904"]
[PlyCount "88"]
[EventDate "2022.??.??"]
[EventType "team-tourn"]
[EventRounds "9"]
[EventCountry "GER"]
[WhiteTeam "GW Wismar"]
[BlackTeam "HSG Stralsund"]
[WhiteTeamCountry "GER"]
[BlackTeamCountry "GER"]

1. Nf3 d5 2. d3 Nf6 3. g3 g6 4. Bg2 Bg7 5. O-O O-O 6. Nbd2 Nc6 7. e4 dxe4 8. dxe4 h6 9. c3 e5 10. Qc2 Qe7 11. Nc4 b5 12. Ne3 Be6 13. b3 a5 14. a4 b4 15. c4 Qc5 16. Bb2 Rad8 17. Rad1 Nd4 18. Qb1 Ng4 19. Bxd4 exd4 20. Nxg4 Bxg4 21. h3 Bc8 22. Ne1 Qh5 23. h4 Rfe8 24. Nd3 g5 25. f3 gxh4 26. g4 Qg5 27. Qc1 Qe7 28. Qf4 Bf6 29. Qxh6 Bg5 30. Qh5 Be3+ 31. Kh2 Kg7 32. f4 Rh8 33. Qxa5 Bxg4 34. Bf3 Bxf3 35. Rxf3 Qxe4 36. Qg5+ Kh7 37. Rh3 Qg6 38. Qe5 Qg4 39. Qe4+ Kg7 40. Qe5+ Kg8 41. Rxe3 Qxd1 42. Qg5+ Kh7 43. Qf5+ Kg7 44. Qg5+ Kh7 1/2-1/2

[Event "VL-2022/23"]
[Site "MVP"]
[Date "2023.03.19"]
[Round "7.5"]
[White "Bramhoff, Jakob"]
[Black "Borchert, Chris"]
[Result "1-0"]
[WhiteElo "1659"]
[BlackElo "2143"]
[PlyCount "33"]
[EventDate "2022.??.??"]
[EventType "team-tourn"]
[EventRounds "9"]
[EventCountry "GER"]
[WhiteTeam "HSG Stralsund"]
[BlackTeam "GW Wismar"]
[WhiteTeamCountry "GER"]
[BlackTeamCountry "GER"]

{[%evp 0,33,27,29,74,73,59,39,20,17,17,40,35,38,74,66,63,63,88,88,81,79,153,170,157,174,177,173,183,183,239,179,196,208,194,200]} 1. e4 c6 2. d4 d5 3. f3 e6 4. Nc3 Bb4 5. Bf4 Ne7 6. Nge2 c5 7. a3 Bxc3+ 8. Nxc3 cxd4 9. Nb5 O-O 10. Nc7 e5 11. Bxe5 Nbc6 12. Bg3 Be6 13. Nxa8 Qxa8 14. Bd3 f5 15. exf5 Nxf5 16. Bxf5 Bxf5 17. O-O 1-0